000 00568nam a2200181 a 4500
001 000025420
005 20200930023757.0
008 100702s1960 xxu r 000 |aspa d
040 _aDO-SdBNP
_bspa
_cBNPHU
082 _axxx
_bB972b
100 1 _aBurroughs, P. E.
_952025
245 1 0 _aBosquejo de historia sagrada /
_cP. E. Burroughs; traducción A. S. Rodríguez.
260 _aEl Paso, Texas :
_bCasa Bautista de Publicaciones ,
_c1960.
300 _a138 p. ;
_c19 cm.
500 _atercera impresión
700 1 _aRodríguez , A. S.
_etr.
_952026
049 _aBNGR
999 _c24912
_d24912